000 00844nam a2200253 i 4500
001 bg
100 1 _aPIOTROWSKI, Ryszard.
245 1 0 _aKatalog projektów domów pasywnych i energooszczędnych /
_cRyszard Piotrowski, Ryszard Wnuk.
260 _aWarszawa :
_bWydawnictwo "Przewodnik Budowlany",
_c2006.
300 _a225 s. :
_bil. ;
_c32 cm.
490 1 _aPrzewodnik Budowlany,
_x1896-0847 ;
_vnr 1 (1/2006)
650 9 _aBudownictwo pasywne
_xprojekty
650 9 _aBudownictwo ekologiczne
_xprojekty
650 9 _aBudownictwo jednorodzinne
_xprojekty
655 _aKatalogi
700 1 _aWNUK, Ryszard
830 _aPrzewodnik Budowlany,
_x1896-0847 ;
040 _cBPK
041 0 _apol
080 _a69::728.3](085)
942 _cKA
008 s pl f |000 0 pol
999 _c35210
_d35210
856 _uhttp://koha.tu.koszalin.pl/cgi-bin/koha/opac-detail.pl?biblionumber=35210
_yKatalog online BPK